Proteccin̤ de datos personales Esquemas /

Detalles Bibliográficos
Autor principal: Burzaco Samper, Mara̕
Formato: eBook
Lenguaje:español
Publicado: Madrid: Dykinson, 2020
Materias:
Acceso en línea:Acceso restringido

MARC

LEADER 00000nam a22000007a 4500
005 20201104230127.0
007 cr|||| ||||
008 201104s2020 es |||||s|||| 00||0 spa d
020 |a 978-84-1377-085-7 
035 |a 32294 
040 |a vLex 
090 |c 10841  |d 10841 
100 1 |a Burzaco Samper, Mara̕ 
245 1 0 |a Proteccin̤ de datos personales  |h [Recurso electrn̤ico] :  |b Esquemas /  |c Mara̕ Burzaco Samper 
256 |a Servicio en ln̕ea 
260 |a Madrid:  |b Dykinson,  |c 2020 
300 |a 1 recurso electrn̤ico 
500 |a Reglamento (UE) 2016/679 del Parlamento Europeo y del Consejo de 27 de abril de 2016, relativo a la proteccin̤ de las personas fs̕icas en lo que respecta al tratamiento de datos personales y a la libre circulacin̤ de estos datos y por el que se deroga la Directiva 95/46/CE (Reglamento general de proteccin̤ de datos). Ley Orgǹica 3/2018, de 5 de diciembre, de Proteccin̤ de Datos Personales y garanta̕ de los derechos digitales 
506 1 |a Disponible solo en los productos indicados  |d vLex Global  |d vLex Global (Academic Edition, excluding Law Schools)  |d vLex Global (U.S. Academic Edition, Law Schools)  |d vLex Global (U.S. Academic Edition, excluding Law Schools)  |d vLex Global (Academic Edition, Law Schools) 
650 0 4 |a Derecho Civil  |z Espaą 
650 0 4 |a Derecho de las Nuevas Tecnologa̕s  |z Espaą 
650 0 4 |a Derecho Constitucional  |z Espaą 
650 0 4 |a Derecho Internacional  |z Espaą 
740 0 |a vLex Libros (Servicio en ln̕ea) 
856 4 0 |u http://vlex.com/source/proteccion-de-datos-personales-esquemas-32294  |z Acceso restringido 
942 |c BOOK 
999 0 |a Civil Law 
999 0 |a New Technologies Law 
999 0 |a Constitutional Law 
999 0 |a International Law